Review of the 2002 Conditionality Guidelines /

This paper focuses on the fact that the 2004-2005 conditionality review expands to include a review of the application of the new Guidelines on Conditionality, adopted in 2002. These guidelines were the culmination of a comprehensive and far-reaching review of conditionality that aimed to enhance th...

Fuld beskrivelse

Bibliografiske detaljer
Hovedforfatter: Feridhanusetyawan, Tubagus
Andre forfattere: Ramakrishnan, Uma, Thomas, Alun, Van der Willigen, Tessa
Format: Tidsskrift
Sprog:English
Udgivet: Washington, D.C. : International Monetary Fund, 2005.
Serier:Policy Papers; Policy Paper ; No. 2005/092
Fag:
Online adgang:Full text available on IMF
LEADER 02452cas a2200349 a 4500
001 AALejournalIMF021981
008 230101c9999 xx r poo 0 0eng d
020 |c 5.00 USD 
020 |z 9781589064911 
022 |a 2663-3493 
040 |a BD-DhAAL  |c BD-DhAAL 
100 1 |a Feridhanusetyawan, Tubagus. 
245 1 0 |a Review of the 2002 Conditionality Guidelines /  |c Tubagus Feridhanusetyawan, Alun Thomas, Tessa Van der Willigen, Uma Ramakrishnan. 
264 1 |a Washington, D.C. :  |b International Monetary Fund,  |c 2005. 
300 |a 1 online resource (151 pages) 
490 1 |a Policy Papers 
500 |a <strong>Off-Campus Access:</strong> No User ID or Password Required 
500 |a <strong>On-Campus Access:</strong> No User ID or Password Required 
506 |a Electronic access restricted to authorized BRAC University faculty, staff and students 
520 3 |a This paper focuses on the fact that the 2004-2005 conditionality review expands to include a review of the application of the new Guidelines on Conditionality, adopted in 2002. These guidelines were the culmination of a comprehensive and far-reaching review of conditionality that aimed to enhance the effectiveness of IMF-supported programs. They represented the first revision of the IMF's conditionality guidelines since 1979, and were developed by the IMF after seeking input from civil society and public forums held in several countries. This review comes at an early stage of experience with the new guidelines, and further evidence will be needed before definite conclusions can be drawn. The ultimate test of conditionality is whether it contributes to better economic outcomes, including over the medium term, and these cannot yet be gauged. Moreover, although this review draws in part on case studies, no substitute exists for cross-country analysis for identifying broad trends, and at this stage such analysis is hampered by small sample sizes. 
538 |a Mode of access: Internet 
650 7 |a Core Area  |2 imf 
650 7 |a Fund-Supported Program  |2 imf 
650 7 |a Misc Pubs  |2 imf 
650 7 |a Misc  |2 imf 
650 7 |a Staff Statement  |2 imf 
651 7 |a Romania  |2 imf 
700 1 |a Ramakrishnan, Uma. 
700 1 |a Thomas, Alun. 
700 1 |a Van der Willigen, Tessa. 
830 0 |a Policy Papers; Policy Paper ;  |v No. 2005/092 
856 4 0 |z Full text available on IMF  |u http://elibrary.imf.org/view/journals/007/2005/092/007.2005.issue-092-en.xml  |z IMF e-Library